000
00272nam a22001097a 4500
082
_a
030 COL'H
100
_a
HOLSEY, WILLIAM D
_9
57330
245
_a
COLLIER'S ENCYCLOPEDIA WITH BIBLOGRAPHY AND INDEX VOLUME-7
260
_a
USA
_b
COLIER
_c
1965
300
_a
24V
942
_c
BK
999
_c
567623
_d
567623